Statistieken voor Top 15 landen met Covid-19 sterfgevallen - 11 november

Klik hier om de quiz te nemen!

Algemene statistieken

  • Deze quiz is 3 keer genomen
  • De gemiddelde score is 11 van 20

Antwoordstatistieken

land% Correct
India
100%
Iran
100%
Italië
100%
Peru
100%
Argentinië
50%
België
50%
Brazilië
50%
Chili
50%
Colombia
50%
Frankrijk
50%
Indonesië
50%
Mexico
50%
Panama
50%
Rusland
50%
Spanje
50%
Verenigde Staten
50%
Verenigd Koninkrijk
50%
Zuid-Afrika
50%
Bolivia
0%
Ecuador
0%

Scoreverdeling

Percentiel versus Aantal Correcte Antwoorden

Procent van Mensen met Elke Score

Uw Scoregeschiedenis

U heeft deze quiz nog niet genomen